[Event "Agen 2017 - National Féminin"]
[Site "?"]
[Date "2017.08.24"]
[Round "6.3"]
[White "Navrotescu, Andreea"]
[Black "Collas, Silvia"]
[Result "1-0"]
[BlackElo "2289"]
[WhiteElo "2150"]
[LiveChessVersion "1.4.8"]

1. d4 {[%clk 1:30:57]} Nf6 {[%clk 1:30:45]} 2. c4 {[%clk 1:31:23]} e6
{[%clk 1:31:04]} 3. Nc3 {[%clk 1:31:46]} Bb4 {[%clk 1:31:13]} 4. Bg5
{[%clk 1:32:08]} c5 {[%clk 1:30:50]} 5. d5 {[%clk 1:32:33]} exd5 {[%clk 1:30:49]}
6. cxd5 {[%clk 1:32:46]} d6 {[%clk 1:30:14]} 7. e3 {[%clk 1:31:02]} Nbd7
{[%clk 1:27:05]} 8. Bd3 {[%clk 1:30:57]} Qa5 {[%clk 1:20:44]} 9. Nge2
{[%clk 1:28:07]} Bxc3+ {[%clk 1:14:06]} 10. bxc3 {[%clk 1:28:09]} O-O
{[%clk 1:09:36]} 11. O-O {[%clk 1:26:59]} h6 {[%clk 1:00:04]} 12. Bf4
{[%clk 1:26:40]} Nxd5 {[%clk 0:59:49]} 13. Bxd6 {[%clk 1:26:47]} Re8
{[%clk 0:59:39]} 14. Qd2 {[%clk 1:15:28]} N7b6 {[%clk 0:55:23]} 15. e4
{[%clk 1:10:24]} c4 {[%clk 0:51:25]} 16. Bc2 {[%clk 1:08:04]} Bg4
{[%clk 0:45:44]} 17. f3 {[%clk 1:05:10]} Rad8 {[%clk 0:43:28]} 18. fxg4
{[%clk 0:57:41]} Rxd6 {[%clk 0:43:39]} 19. exd5 {[%clk 0:57:59]} Nxd5
{[%clk 0:44:04]} 20. Rf2 {[%clk 0:50:53]} Red8 {[%clk 0:36:54]} 21. Qd4
{[%clk 0:32:07]} b5 {[%clk 0:36:14]} 22. h4 {[%clk 0:20:54]} Qa3 {[%clk 0:31:56]}
23. Qe5 {[%clk 0:18:20]} Qb2 {[%clk 0:27:01]} 24. Rc1 {[%clk 0:18:44]} Nf6
{[%clk 0:24:04]} 25. Qf4 {[%clk 0:15:35]} Rd2 {[%clk 0:19:40]} 26. g5
{[%clk 0:16:01]} hxg5 {[%clk 0:20:06]} 27. hxg5 {[%clk 0:16:24]} Rxc2
{[%clk 0:19:52]} 28. Rxc2 {[%clk 0:16:44]} Qxc2 {[%clk 0:20:19]} 29. gxf6
{[%clk 0:15:53]} Rd1+ {[%clk 0:20:44]} 30. Kh2 {[%clk 0:16:16]} Qh7+
{[%clk 0:17:18]} 31. Kg3 {[%clk 0:16:45]} Qg6+ {[%clk 0:10:29]} 32. Qg4
{[%clk 0:17:14]} Rd3+ {[%clk 0:10:53]} 33. Rf3 {[%clk 0:15:34]} Qxf6
{[%clk 0:10:52]} 34. Qc8+ {[%clk 0:13:32]} Kh7 {[%clk 0:11:16]} 35. Qh3+
{[%clk 0:11:52]} Kg8 {[%clk 0:11:41]} 36. Qc8+ {[%clk 0:12:20]} Kh7
{[%clk 0:12:06]} 37. Qc5 {[%clk 0:12:29]} a6 {[%clk 0:08:49]} 38. Nd4
{[%clk 0:04:23]} Qg6+ {[%clk 0:06:56]} 39. Kf2 {[%clk 0:04:44]} Rd2+
{[%clk 0:04:41]} 40. Ke1 {[%clk 0:33:50]} Qxg2 {[%clk 0:32:57]} 41. Qh5+
{[%clk 0:34:15]} Kg8 {[%clk 0:33:14]} 42. Qxf7+ {[%clk 0:34:42]} Kh7
{[%clk 0:33:15]} 43. Qf5+ {[%clk 0:34:44]} g6 {[%clk 0:31:24]} 44. Qf7+
{[%clk 0:31:09]} Kh8 {[%clk 0:31:28]} 45. Qf8+ {[%clk 0:31:14]} 1-0

[Event "Agen 2017 - National Féminin"]
[Site "?"]
[Date "2017.08.24"]
[Round "6.4"]
[White "Benmesbah, Natacha"]
[Black "Safranska, Anda"]
[Result "0-1"]
[BlackElo "2224"]
[WhiteElo "2271"]
[LiveChessVersion "1.4.8"]

1. e4 {[%clk 1:30:58]} Nc6 {[%clk 1:30:55]} 2. Nc3 {[%clk 1:26:58]} Nf6
{[%clk 1:29:41]} 3. d4 {[%clk 1:26:32]} d6 {[%clk 1:28:54]} 4. h3
{[%clk 1:23:21]} g6 {[%clk 1:27:54]} 5. Be3 {[%clk 1:21:59]} Bg7 {[%clk 1:28:13]}
6. Qd2 {[%clk 1:21:24]} a6 {[%clk 1:28:33]} 7. g4 {[%clk 1:15:38]} h5
{[%clk 1:22:15]} 8. g5 {[%clk 1:14:55]} Ng8 {[%clk 1:13:02]} 9. f4
{[%clk 1:06:05]} e5 {[%clk 1:09:02]} 10. Nf3 {[%clk 1:06:29]} exf4
{[%clk 1:08:26]} 11. Bxf4 {[%clk 1:06:54]} Nge7 {[%clk 1:07:39]} 12. O-O-O
{[%clk 1:03:24]} O-O {[%clk 1:05:34]} 13. d5 {[%clk 0:59:55]} Ne5
{[%clk 1:04:13]} 14. Nxe5 {[%clk 0:59:58]} dxe5 {[%clk 1:03:36]} 15. Be3
{[%clk 1:00:00]} Qd6 {[%clk 1:02:27]} 16. Na4 {[%clk 0:55:01]} b6
{[%clk 0:57:55]} 17. c4 {[%clk 0:54:43]} Re8 {[%clk 0:57:05]} 18. c5
{[%clk 0:50:14]} bxc5 {[%clk 0:57:23]} 19. Bxc5 {[%clk 0:50:40]} Qd8
{[%clk 0:48:16]} 20. Bc4 {[%clk 0:48:36]} Bd7 {[%clk 0:47:52]} 21. Nc3
{[%clk 0:48:49]} Nc8 {[%clk 0:47:38]} 22. d6 {[%clk 0:46:37]} Nxd6
{[%clk 0:43:38]} 23. Bxd6 {[%clk 0:45:54]} cxd6 {[%clk 0:44:01]} 24. Rhf1
{[%clk 0:37:27]} Be6 {[%clk 0:41:42]} 25. Bxe6 {[%clk 0:37:33]} fxe6
{[%clk 0:36:05]} 26. h4 {[%clk 0:37:38]} Rf8 {[%clk 0:35:48]} 27. Rxf8+
{[%clk 0:31:56]} Bxf8 {[%clk 0:35:19]} 28. Rf1 {[%clk 0:32:11]} Qe8
{[%clk 0:32:50]} 29. Qe3 {[%clk 0:31:26]} Be7 {[%clk 0:32:36]} 30. Qb6
{[%clk 0:30:57]} Qd7 {[%clk 0:32:06]} 31. Kb1 {[%clk 0:30:38]} Bd8
{[%clk 0:20:21]} 32. Qb3 {[%clk 0:29:47]} Rc8 {[%clk 0:19:52]} 33. Ne2
{[%clk 0:28:49]} Be7 {[%clk 0:18:57]} 34. a3 {[%clk 0:27:38]} Kg7
{[%clk 0:18:38]} 35. Ng3 {[%clk 0:26:36]} a5 {[%clk 0:15:40]} 36. Ka2
{[%clk 0:23:00]} a4 {[%clk 0:13:08]} 37. Qe3 {[%clk 0:23:11]} Qb5
{[%clk 0:10:04]} 38. Kb1 {[%clk 0:21:05]} Rb8 {[%clk 0:09:10]} 39. Qc3
{[%clk 0:20:07]} Qb3 {[%clk 0:04:57]} 40. Ne2 {[%clk 0:49:02]} Qb7
{[%clk 0:33:47]} 41. Nf4 {[%clk 0:31:53]} Qxe4+ {[%clk 0:34:06]} 42. Ka1
{[%clk 0:32:18]} Qb7 {[%clk 0:32:16]} 43. Nxe6+ {[%clk 0:32:33]} Kh8
{[%clk 0:28:44]} 44. Nc5 {[%clk 0:18:12]} Qg2 {[%clk 0:23:58]} 45. Rb1
{[%clk 0:18:36]} Rc8 {[%clk 0:22:49]} 46. Qd3 {[%clk 0:18:53]} Rxc5
{[%clk 0:21:19]} 47. Qxg6 {[%clk 0:19:16]} Qf3 {[%clk 0:20:57]} 48. Qh6+
{[%clk 0:11:38]} Kg8 {[%clk 0:21:21]} 49. g6 {[%clk 0:11:18]} Qf6
{[%clk 0:21:43]} 50. Qh7+ {[%clk 0:10:39]} Kf8 {[%clk 0:22:08]} 51. Qh6+
{[%clk 0:09:59]} Ke8 {[%clk 0:16:44]} 52. Qxh5 {[%clk 0:09:35]} Kd7
{[%clk 0:16:22]} 53. Qg4+ {[%clk 0:09:46]} Qe6 {[%clk 0:15:54]} 54. Qxa4+
{[%clk 0:09:41]} Kd8 {[%clk 0:13:20]} 55. Rg1 {[%clk 0:08:05]} Bf8
{[%clk 0:12:55]} 56. g7 {[%clk 0:08:06]} Bxg7 {[%clk 0:12:57]} 57. Rxg7
{[%clk 0:08:33]} Rc1# {[%clk 0:13:20]} 0-1

[Event "Agen 2017 - National Féminin"]
[Site "?"]
[Date "2017.08.24"]
[Round "6.5"]
[White "Maisuradze, Nino"]
[Black "Malassagne, Isabelle"]
[Result "0-1"]
[BlackElo "2061"]
[WhiteElo "2280"]
[LiveChessVersion "1.4.8"]

1. d4 {[%clk 1:30:58]} Nf6 {[%clk 1:30:54]} 2. Bf4 {[%clk 1:31:25]} g6
{[%clk 1:30:01]} 3. Nc3 {[%clk 1:30:27]} d5 {[%clk 1:28:55]} 4. Qd2
{[%clk 1:30:40]} c6 {[%clk 1:19:38]} 5. f3 {[%clk 1:29:20]} Nbd7 {[%clk 1:13:44]}
6. e4 {[%clk 1:27:41]} dxe4 {[%clk 0:58:22]} 7. fxe4 {[%clk 1:27:29]} Bg7
{[%clk 0:58:46]} 8. Nf3 {[%clk 1:26:44]} O-O {[%clk 0:58:34]} 9. Bd3
{[%clk 1:12:38]} Nh5 {[%clk 0:49:59]} 10. Bh6 {[%clk 1:01:07]} c5
{[%clk 0:45:45]} 11. d5 {[%clk 0:56:50]} a6 {[%clk 0:45:43]} 12. Bxg7
{[%clk 0:48:20]} Kxg7 {[%clk 0:45:04]} 13. e5 {[%clk 0:47:36]} f5
{[%clk 0:37:12]} 14. O-O-O {[%clk 0:43:31]} b5 {[%clk 0:36:25]} 15. Be2
{[%clk 0:31:53]} b4 {[%clk 0:32:32]} 16. Nb1 {[%clk 0:31:58]} f4 {[%clk 0:29:53]}
17. g4 {[%clk 0:29:56]} fxg3 {[%clk 0:30:01]} 18. hxg3 {[%clk 0:30:24]} Qc7
{[%clk 0:23:24]} 19. Rxh5 {[%clk 0:28:25]} gxh5 {[%clk 0:22:51]} 20. Qg5+
{[%clk 0:28:33]} Kh8 {[%clk 0:22:44]} 21. Qxe7 {[%clk 0:07:45]} Qd8
{[%clk 0:19:28]} 22. Qd6 {[%clk 0:08:24]} Qb6 {[%clk 0:12:42]} 23. Qxb6
{[%clk 0:07:23]} Nxb6 {[%clk 0:13:11]} 24. e6 {[%clk 0:07:31]} Nxd5
{[%clk 0:05:45]} 25. Rxd5 {[%clk 0:07:02]} Bxe6 {[%clk 0:06:14]} 26. Rxc5
{[%clk 0:03:20]} Bg4 {[%clk 0:06:07]} 27. Nbd2 {[%clk 0:03:48]} Rae8
{[%clk 0:05:59]} 28. Kd1 {[%clk 0:03:00]} Re3 {[%clk 0:04:01]} 29. Rc4
{[%clk 0:02:24]} Rfe8 {[%clk 0:03:54]} 30. Rxg4 {[%clk 0:01:04]} hxg4
{[%clk 0:04:23]} 31. Nd4 {[%clk 0:01:32]} Rxg3 {[%clk 0:04:20]} 32. Ke1
{[%clk 0:00:52]} h5 {[%clk 0:04:03]} 33. Kf2 {[%clk 0:00:39]} h4 {[%clk 0:03:53]}
34. Nf5 {[%clk 0:00:41]} Rf8 {[%clk 0:04:22]} 35. Bd3 {[%clk 0:00:37]} Rxd3
{[%clk 0:04:49]} 36. cxd3 {[%clk 0:01:04]} Rxf5+ {[%clk 0:05:13]} 37. Kg2
{[%clk 0:01:28]} Rd5 {[%clk 0:05:28]} 38. Ne4 {[%clk 0:00:35]} Rxd3
{[%clk 0:05:48]} 39. b3 {[%clk 0:30:50]} Kg7 {[%clk 0:35:53]} 40. Kg1
{[%clk 0:30:44]} Kg6 {[%clk 0:36:09]} 41. Nf2 {[%clk 0:30:38]} Rd4
{[%clk 0:36:19]} 0-1

[Event "Agen 2017 - Accession"]
[Site "?"]
[Date "2017.08.24"]
[Round "6.1"]
[White "Barbot, Pierre"]
[Black "Le Roux, Jean-Pierre"]
[Result "1-0"]
[LiveChessVersion "1.4.8"]
[BlackElo "2543"]
[WhiteElo "2453"]

1. Nf3 {[%clk 1:30:57]} Nf6 {[%clk 1:30:00]} 2. c4 {[%clk 1:31:23]} d6
{[%clk 1:29:47]} 3. d4 {[%clk 1:31:43]} g6 {[%clk 1:29:55]} 4. Nc3
{[%clk 1:32:09]} Bf5 {[%clk 1:30:22]} 5. Qb3 {[%clk 1:32:26]} b6 {[%clk 1:29:19]}
6. h3 {[%clk 1:31:40]} Bg7 {[%clk 1:28:43]} 7. g4 {[%clk 1:30:20]} Bc8
{[%clk 1:28:45]} 8. e4 {[%clk 1:29:52]} Bb7 {[%clk 1:27:25]} 9. Qc2
{[%clk 1:29:41]} h5 {[%clk 1:18:56]} 10. g5 {[%clk 1:26:26]} Nfd7
{[%clk 1:19:09]} 11. Be3 {[%clk 1:26:12]} a6 {[%clk 1:11:21]} 12. O-O-O
{[%clk 1:22:14]} c5 {[%clk 1:05:01]} 13. Be2 {[%clk 1:18:51]} Nc6
{[%clk 0:57:29]} 14. d5 {[%clk 1:19:17]} Na5 {[%clk 0:53:42]} 15. Nd2
{[%clk 1:19:27]} b5 {[%clk 0:52:08]} 16. f4 {[%clk 1:19:12]} Bd4 {[%clk 0:47:42]}
17. Bg1 {[%clk 1:16:38]} bxc4 {[%clk 0:41:13]} 18. Nxc4 {[%clk 1:12:56]} Nxc4
{[%clk 0:36:11]} 19. Bxc4 {[%clk 1:13:04]} Qa5 {[%clk 0:34:35]} 20. Bxd4
{[%clk 1:01:47]} cxd4 {[%clk 0:34:50]} 21. Rxd4 {[%clk 1:02:14]} O-O
{[%clk 0:33:50]} 22. Kb1 {[%clk 1:00:33]} Rab8 {[%clk 0:28:45]} 23. e5
{[%clk 0:49:30]} dxe5 {[%clk 0:19:56]} 24. fxe5 {[%clk 0:49:07]} Nxe5
{[%clk 0:17:20]} 25. Bb3 {[%clk 0:49:34]} Bc8 {[%clk 0:16:39]} 26. Re4
{[%clk 0:31:27]} Bf5 {[%clk 0:09:46]} 27. Rf1 {[%clk 0:31:47]} Bxe4
{[%clk 0:08:36]} 28. Qxe4 {[%clk 0:32:12]} Qc7 {[%clk 0:08:13]} 29. Re1
{[%clk 0:32:15]} Nd7 {[%clk 0:08:06]} 30. d6 {[%clk 0:31:25]} Qxd6
{[%clk 0:05:14]} 31. Rd1 {[%clk 0:31:45]} Nc5 {[%clk 0:01:37]} 32. Rxd6
{[%clk 0:31:59]} Nxe4 {[%clk 0:02:04]} 33. Rxg6+ {[%clk 0:32:25]} Kh7
{[%clk 0:02:05]} 34. Rh6+ {[%clk 0:32:50]} Kg7 {[%clk 0:02:29]} 35. Nxe4
{[%clk 0:33:16]} f6 {[%clk 0:02:19]} 36. Rxh5 {[%clk 0:30:21]} Rh8
{[%clk 0:01:48]} 37. gxf6+ {[%clk 0:30:46]} exf6 {[%clk 0:02:15]} 38. Rf5
{[%clk 0:24:20]} Rbe8 {[%clk 0:01:40]} 39. Nxf6 {[%clk 0:20:31]} Re1+
{[%clk 0:01:21]} 40. Kc2 {[%clk 0:50:57]} Rxh3 {[%clk 0:30:56]} 41. Rf2
{[%clk 0:49:41]} Rh4 {[%clk 0:19:28]} 42. Nd5 {[%clk 0:49:43]} Reh1
{[%clk 0:17:35]} 43. a4 {[%clk 0:47:45]} a5 {[%clk 0:11:58]} 44. Ne7
{[%clk 0:43:17]} R4h2 {[%clk 0:10:00]} 45. Rxh2 {[%clk 0:42:57]} Rxh2+
{[%clk 0:10:26]} 46. Kb1 {[%clk 0:43:21]} Rh1+ {[%clk 0:08:25]} 47. Ka2
{[%clk 0:43:47]} Rc1 {[%clk 0:08:11]} 48. Nf5+ {[%clk 0:43:03]} Kf8
{[%clk 0:06:30]} 49. Nd6 {[%clk 0:41:05]} Rc7 {[%clk 0:06:40]} 50. Nc4
{[%clk 0:41:14]} Rc5 {[%clk 0:05:54]} 51. Ka3 {[%clk 0:41:40]} Ke7
{[%clk 0:05:31]} 52. Ba2 {[%clk 0:42:07]} Kd7 {[%clk 0:04:43]} 53. b3
{[%clk 0:42:33]} Rh5 {[%clk 0:04:16]} 54. Bb1 {[%clk 0:42:59]} Kc7
{[%clk 0:04:13]} 55. Bg6 {[%clk 0:43:25]} Rh6 {[%clk 0:01:05]} 56. Be8
{[%clk 0:43:50]} Ra6 {[%clk 0:01:22]} 57. Bb5 {[%clk 0:44:14]} Ra8
{[%clk 0:01:43]} 58. Kb2 {[%clk 0:44:40]} Kb7 {[%clk 0:01:16]} 59. Kc3
{[%clk 0:45:07]} Rc8 {[%clk 0:01:22]} 60. Kd4 {[%clk 0:45:19]} Ra8
{[%clk 0:00:33]} 61. Kc5 {[%clk 0:45:45]} Rc8+ {[%clk 0:00:37]} 62. Kd6
{[%clk 0:46:01]} Rd8+ {[%clk 0:00:52]} 63. Ke7 {[%clk 0:45:52]} Ra8
{[%clk 0:00:58]} 64. Kd7 {[%clk 0:46:17]} Ra7 {[%clk 0:01:03]} 65. Bc6+
{[%clk 0:45:18]} Kb8+ {[%clk 0:01:04]} 66. Kd6 {[%clk 0:45:30]} Ra6
{[%clk 0:01:11]} 67. Kc5 {[%clk 0:45:52]} Kc7 {[%clk 0:01:12]} 68. Bd5
{[%clk 0:46:20]} 1-0

[Event "Agen 2017 - Accession"]
[Site "?"]
[Date "2017.08.24"]
[Round "6.2"]
[White "Bellahcene, Bilel"]
[Black "Degraeve, Jean-Marc"]
[Result "1/2-1/2"]
[LiveChessVersion "1.4.8"]
[BlackElo "2587"]
[WhiteElo "2481"]

1. d4 {[%clk 1:30:57]} d6 {[%clk 1:30:49]} 2. c4 {[%clk 1:31:23]} e5
{[%clk 1:31:07]} 3. Nf3 {[%clk 1:31:44]} e4 {[%clk 1:31:13]} 4. Ng5
{[%clk 1:32:02]} f5 {[%clk 1:31:23]} 5. Nh3 {[%clk 1:32:08]} Nf6 {[%clk 1:30:10]}
6. Nc3 {[%clk 1:32:32]} c6 7. e3 {[%clk 1:27:34]} Na6 {[%clk 1:22:18]} 8. Nf4
{[%clk 1:26:41]} Nc7 {[%clk 1:22:30]} 9. d5 {[%clk 1:26:31]} c5 {[%clk 1:20:12]}
10. Be2 {[%clk 1:25:08]} g6 {[%clk 1:12:58]} 11. h4 {[%clk 1:10:18]} Bg7
{[%clk 1:11:17]} 12. Nh3 {[%clk 1:07:38]} Qe7 {[%clk 1:07:45]} 13. h5
{[%clk 1:07:10]} Bd7 {[%clk 1:04:08]} 14. Bd2 {[%clk 1:02:31]} a6
{[%clk 0:56:05]} 15. a3 {[%clk 0:59:31]} b5 {[%clk 0:55:46]} 16. b4
{[%clk 0:59:18]} cxb4 {[%clk 0:54:08]} 17. axb4 {[%clk 0:59:41]} bxc4
{[%clk 0:54:31]} 18. Nf4 {[%clk 0:47:43]} g5 {[%clk 0:52:13]} 19. h6
{[%clk 0:48:06]} Bf8 {[%clk 0:48:30]} 20. Nh5 {[%clk 0:42:16]} Bxh6
{[%clk 0:48:12]} 21. Nxf6+ {[%clk 0:41:12]} Qxf6 {[%clk 0:48:35]} 22. Bxc4
{[%clk 0:31:56]} Bg7 {[%clk 0:46:41]} 23. Ra5 {[%clk 0:31:05]} O-O
{[%clk 0:46:51]} 24. Qe2 {[%clk 0:31:14]} Rfc8 {[%clk 0:38:47]} 25. O-O
{[%clk 0:28:45]} Qh6 {[%clk 0:38:16]} 26. Rc1 {[%clk 0:28:35]} Be5
{[%clk 0:38:29]} 27. g3 {[%clk 0:29:01]} Be8 {[%clk 0:33:06]} 28. Qf1
{[%clk 0:29:25]} Bh5 {[%clk 0:31:37]} 29. Qh3 {[%clk 0:28:33]} Bxc3
{[%clk 0:22:52]} 30. Rxc3 {[%clk 0:23:55]} Qg6 {[%clk 0:23:17]} 31. Bxa6
{[%clk 0:20:41]} Nxa6 {[%clk 0:22:20]} 32. Rxa6 {[%clk 0:21:07]} Bg4
{[%clk 0:22:43]} 33. Qf1 {[%clk 0:19:58]} Qh5 {[%clk 0:21:05]} 34. Qc1
{[%clk 0:19:51]} f4 {[%clk 0:12:39]} 35. exf4 {[%clk 0:10:40]} Rab8
{[%clk 0:12:55]} 36. Rac6 {[%clk 0:09:12]} Rf8 {[%clk 0:04:44]} 37. Rxd6
{[%clk 0:03:59]} Bf3 {[%clk 0:03:28]} 38. Rxf3 {[%clk 0:04:26]} exf3
{[%clk 0:03:53]} 39. fxg5 {[%clk 0:02:34]} Qh3 {[%clk 0:03:19]} 40. Qf1
{[%clk 0:32:58]} Qxf1+ {[%clk 0:33:39]} 41. Kxf1 {[%clk 0:33:20]} Rbd8
{[%clk 0:33:56]} 42. Rxd8 {[%clk 0:28:35]} Rxd8 {[%clk 0:34:25]} 43. Kg1
{[%clk 0:28:59]} Rxd5 {[%clk 0:34:49]} 44. Be3 {[%clk 0:29:27]} Kf7
{[%clk 0:33:45]} 45. Kh2 {[%clk 0:28:18]} Ke6 {[%clk 0:31:11]} 46. Kh3
{[%clk 0:26:53]} Kf5 {[%clk 0:31:05]} 47. g4+ {[%clk 0:26:47]} Ke4
{[%clk 0:31:26]} 48. Kg3 {[%clk 0:27:03]} Rd3 {[%clk 0:28:32]} 49. b5
{[%clk 0:25:31]} Rxe3 {[%clk 0:28:20]} 1/2-1/2

[Event "Agen 2017 - Accession"]
[Site "?"]
[Date "2017.08.24"]
[Round "6.3"]
[White "Demuth, Adrien"]
[Black "Ollier, Pablo"]
[Result "1/2-1/2"]
[LiveChessVersion "1.4.8"]
[BlackElo "2395"]
[WhiteElo "2540"]

1. d4 {[%clk 1:30:56]} Nf6 {[%clk 1:30:54]} 2. Bf4 {[%clk 1:31:20]} d5
{[%clk 1:28:40]} 3. e3 {[%clk 1:31:30]} c5 {[%clk 1:29:03]} 4. dxc5
{[%clk 1:31:43]} Nc6 {[%clk 1:25:33]} 5. Bb5 {[%clk 1:30:12]} Bg4
{[%clk 1:12:30]} 6. Ne2 {[%clk 1:05:57]} e6 {[%clk 1:05:58]} 7. f3
{[%clk 1:01:17]} Bh5 {[%clk 1:05:53]} 8. Nd4 {[%clk 0:56:21]} Rc8
{[%clk 0:57:25]} 9. b4 {[%clk 0:55:01]} Nd7 {[%clk 0:53:07]} 10. Nxc6
{[%clk 0:50:46]} bxc6 {[%clk 0:53:27]} 11. Ba6 {[%clk 0:50:58]} g5
{[%clk 0:48:38]} 12. Bxc8 {[%clk 0:47:51]} gxf4 {[%clk 0:48:04]} 13. Bxd7+
{[%clk 0:46:46]} Kxd7 {[%clk 0:48:10]} 14. Qd4 {[%clk 0:36:36]} Qg5
{[%clk 0:43:37]} 15. Qxh8 {[%clk 0:15:30]} Bg7 {[%clk 0:37:55]} 16. Qb8
{[%clk 0:13:17]} Qxg2 {[%clk 0:28:06]} 17. Qxa7+ {[%clk 0:13:35]} Ke8
{[%clk 0:25:50]} 18. Qb8+ {[%clk 0:14:01]} Ke7 {[%clk 0:25:26]} 19. Qc7+
{[%clk 0:14:26]} Ke8 {[%clk 0:23:53]} 20. Qc8+ {[%clk 0:14:55]} Ke7
{[%clk 0:24:16]} 21. Qc7+ {[%clk 0:15:22]} Ke8 {[%clk 0:24:40]} 22. Qb8+
{[%clk 0:15:49]} Ke7 {[%clk 0:24:51]} 23. Qd6+ {[%clk 0:16:15]} Ke8
{[%clk 0:23:21]} 24. Qxc6+ {[%clk 0:16:39]} Kf8 {[%clk 0:20:55]} 25. Qc8+
{[%clk 0:16:51]} Ke7 {[%clk 0:21:20]} 26. Qc7+ {[%clk 0:17:18]} Ke8
{[%clk 0:21:43]} 27. Qb8+ {[%clk 0:17:11]} Ke7 {[%clk 0:21:58]} 28. Qd6+
{[%clk 0:13:36]} Ke8 {[%clk 0:22:24]} 29. Qb8+ {[%clk 0:13:23]} Ke7
{[%clk 0:22:46]} 30. Qd6+ {[%clk 0:13:49]} Ke8 {[%clk 0:23:12]} 31. Rf1
{[%clk 0:10:48]} fxe3 {[%clk 0:21:22]} 32. Qc6+ {[%clk 0:10:28]} Kf8
{[%clk 0:21:37]} 33. Qc8+ {[%clk 0:06:52]} Ke7 {[%clk 0:22:02]} 34. Qc7+
{[%clk 0:07:18]} Ke8 {[%clk 0:22:16]} 35. Qc6+ {[%clk 0:07:22]} Kf8
{[%clk 0:22:42]} 36. Qc8+ {[%clk 0:01:34]} Ke7 {[%clk 0:23:07]} 37. Qc7+
{[%clk 0:02:01]} Ke8 {[%clk 0:23:32]} 38. Qb8+ {[%clk 0:02:29]} Ke7
{[%clk 0:23:48]} 39. Qd6+ {[%clk 0:02:50]} Ke8 {[%clk 0:24:07]} 40. Qb8+
{[%clk 0:33:16]} Ke7 {[%clk 0:53:57]} 41. Qa7+ {[%clk 0:23:24]} Kf8
{[%clk 0:54:10]} 42. Qa8+ {[%clk 0:19:03]} Ke7 {[%clk 0:54:34]} 43. Qa7+
{[%clk 0:19:31]} Kf8 {[%clk 0:54:56]} 44. Qa8+ 1/2-1/2

[Event "Agen 2017 - Accession"]
[Site "?"]
[Date "2017.08.24"]
[Round "6.4"]
[White "Lacroix, Romain"]
[Black "Loiseau, Quentin"]
[Result "0-1"]
[LiveChessVersion "1.4.8"]
[BlackElo "2425"]
[WhiteElo "2255"]

1. d4 {[%clk 1:30:56]} Nf6 {[%clk 1:30:52]} 2. Nf3 {[%clk 1:31:15]} d6
{[%clk 1:29:45]} 3. g3 {[%clk 1:30:05]} g6 {[%clk 1:30:04]} 4. Bg2
{[%clk 1:30:13]} Bg7 {[%clk 1:30:26]} 5. O-O {[%clk 1:30:24]} O-O
{[%clk 1:30:52]} 6. Re1 {[%clk 1:30:00]} Nc6 {[%clk 1:27:48]} 7. d5
{[%clk 1:28:23]} Nb4 {[%clk 1:23:41]} 8. e4 {[%clk 1:27:21]} e6 {[%clk 1:21:02]}
9. a3 {[%clk 1:12:36]} Na6 {[%clk 1:20:53]} 10. c4 {[%clk 1:08:22]} Nc5
{[%clk 1:15:14]} 11. Nc3 {[%clk 1:07:42]} a5 {[%clk 1:12:58]} 12. Qc2
{[%clk 1:00:19]} exd5 {[%clk 1:08:54]} 13. cxd5 {[%clk 1:00:12]} Re8
{[%clk 1:08:56]} 14. Bf4 {[%clk 0:55:06]} a4 {[%clk 1:05:16]} 15. Rad1
{[%clk 0:54:32]} Bg4 {[%clk 1:02:37]} 16. h3 {[%clk 0:51:40]} Bxf3
{[%clk 1:01:33]} 17. Bxf3 {[%clk 0:52:05]} Nfd7 {[%clk 1:00:19]} 18. Be3
{[%clk 0:49:34]} Re7 {[%clk 0:57:26]} 19. h4 {[%clk 0:39:30]} Qe8
{[%clk 0:55:07]} 20. Bg5 {[%clk 0:36:18]} Bf6 {[%clk 0:54:55]} 21. Kg2
{[%clk 0:28:44]} Bxg5 {[%clk 0:49:35]} 22. hxg5 {[%clk 0:29:11]} Re5
{[%clk 0:48:46]} 23. Qc1 {[%clk 0:20:57]} f6 {[%clk 0:41:01]} 24. gxf6
{[%clk 0:16:07]} Nxf6 {[%clk 0:41:15]} 25. Qf4 {[%clk 0:14:40]} Qe7
{[%clk 0:40:10]} 26. Qh4 {[%clk 0:11:01]} Rf8 {[%clk 0:23:22]} 27. Re3
{[%clk 0:10:48]} Qf7 {[%clk 0:22:59]} 28. Rd2 {[%clk 0:05:26]} Nb3
{[%clk 0:18:42]} 29. Rd1 {[%clk 0:05:40]} g5 {[%clk 0:15:50]} 30. Qh3
{[%clk 0:01:07]} h5 {[%clk 0:14:24]} 31. Be2 {[%clk 0:00:46]} g4 {[%clk 0:13:36]}
32. Qh4 {[%clk 0:01:05]} Nxd5 {[%clk 0:07:16]} 33. Nxd5 {[%clk 0:01:10]} Rxd5
{[%clk 0:07:44]} 34. exd5 {[%clk 0:00:32]} Qxf2+ {[%clk 0:08:12]} 35. Kh1
{[%clk 0:01:01]} Qxe3 {[%clk 0:08:30]} 36. Qxh5 {[%clk 0:00:49]} Rf2
{[%clk 0:02:56]} 37. Qxg4+ {[%clk 0:01:09]} Kh8 {[%clk 0:02:45]} 38. Bd3
{[%clk 0:00:39]} Qh6+ {[%clk 0:02:02]} 39. Qh4 {[%clk 0:01:07]} Qxh4+
{[%clk 0:02:07]} 40. gxh4 {[%clk 0:31:36]} Rf4 {[%clk 0:32:10]} 41. Re1
{[%clk 0:28:36]} Rxh4+ {[%clk 0:32:09]} 42. Kg2 {[%clk 0:24:48]} Rd4
{[%clk 0:31:13]} 43. Bf1 {[%clk 0:20:31]} Rxd5 {[%clk 0:28:14]} 44. Re8+
{[%clk 0:20:31]} Kg7 {[%clk 0:28:41]} 45. Re7+ {[%clk 0:20:55]} Kf6
{[%clk 0:29:09]} 46. Rxc7 {[%clk 0:21:18]} Nc5 {[%clk 0:29:32]} 47. Bc4
{[%clk 0:15:59]} Rd4 {[%clk 0:28:06]} 48. Rf7+ {[%clk 0:15:25]} Ke5
{[%clk 0:27:16]} 49. Bb5 {[%clk 0:13:55]} Rd2+ {[%clk 0:23:40]} 50. Rf2
{[%clk 0:14:00]} Ne4 {[%clk 0:18:52]} 51. Rxd2 {[%clk 0:13:55]} Nxd2
{[%clk 0:19:21]} 52. Bxa4 {[%clk 0:11:26]} Nc4 {[%clk 0:19:06]} 53. Kf3
{[%clk 0:09:48]} Nxb2 {[%clk 0:18:35]} 54. Bb5 {[%clk 0:10:13]} Kd4
{[%clk 0:17:11]} 55. a4 {[%clk 0:09:17]} b6 {[%clk 0:15:09]} 56. Bc6
{[%clk 0:09:41]} Nd1 {[%clk 0:14:07]} 57. Ke2 {[%clk 0:09:08]} Nc3+
{[%clk 0:14:00]} 58. Kd2 {[%clk 0:09:31]} Kc4 {[%clk 0:13:07]} 59. Ke3
{[%clk 0:06:07]} d5 {[%clk 0:12:12]} 60. Kd2 {[%clk 0:06:35]} d4 {[%clk 0:11:46]}
61. Be8 {[%clk 0:04:54]} Ne4+ {[%clk 0:11:41]} 62. Ke2 {[%clk 0:04:21]} Kc3
{[%clk 0:12:01]} 63. Bb5 {[%clk 0:02:20]} Nc5 {[%clk 0:12:09]} 64. Kf3
{[%clk 0:00:47]} d3 {[%clk 0:12:05]} 65. Ke3 {[%clk 0:01:12]} d2 {[%clk 0:12:06]}
66. Be2 {[%clk 0:01:36]} Nxa4 {[%clk 0:12:24]} 67. Kd4+ 0-1